|
|
|
|
| LEADER |
00000nam0a2200000 4500 |
| 001 |
359977 |
| 005 |
20250211063212.0 |
| 035 |
|
|
|a (RuTPU)RU\TPU\retro\17284
|
| 035 |
|
|
|a RU\TPU\retro\17283
|
| 090 |
|
|
|a 359977
|
| 100 |
|
|
|a 20210216d1964 k y0rusy5003 ca
|
| 101 |
0 |
|
|a rus
|
| 102 |
|
|
|a RU
|
| 105 |
|
|
|a y z 001zy
|
| 200 |
1 |
|
|a Электроэнергетика
|e [тематический сборник]
|f Московский энергетический институт ; под ред. В. А. Веникова
|
| 210 |
|
|
|a Москва
|c Изд-во МЭИ
|d 1964
|
| 215 |
|
|
|a 410 с.
|c табл., ил.
|
| 225 |
1 |
|
|a Труды Московского энергетического института (МЭИ)
|v Вып. 54
|
| 320 |
|
|
|a Библиогр. в конце ст.
|
| 500 |
1 |
0 |
|a Труды Московского энергетического института
|9 88841
|
| 606 |
1 |
|
|a Электроэнергетика
|2 stltpush
|3 (RuTPU)RU\TPU\subj\21036
|9 46086
|
| 610 |
1 |
|
|a кафедра электрических систем
|
| 610 |
1 |
|
|a лаборатории
|
| 610 |
1 |
|
|a проблемы
|
| 610 |
1 |
|
|a экономичность
|
| 610 |
1 |
|
|a критерии
|
| 610 |
1 |
|
|a оптимальный выбор
|
| 610 |
1 |
|
|a синхронные генераторы
|
| 610 |
1 |
|
|a математические модели
|
| 610 |
1 |
|
|a автоматический регулятор возбуждения
|
| 610 |
1 |
|
|a цифровые счетно-решающие элементы
|
| 610 |
1 |
|
|a построение
|
| 610 |
1 |
|
|a АРВ
|
| 610 |
1 |
|
|a цифровые счетно-решающие элементы
|
| 610 |
1 |
|
|a динамическая устойчивость
|
| 610 |
1 |
|
|a Волжская ГЭС
|
| 610 |
1 |
|
|a электрическое торможение
|
| 610 |
1 |
|
|a линии электропередачи
|
| 610 |
1 |
|
|a нулевая последовательность
|
| 610 |
1 |
|
|a релейная защита
|
| 610 |
1 |
|
|a энергетические задачи
|
| 610 |
1 |
|
|a решения
|
| 610 |
1 |
|
|a сопротивления
|
| 610 |
1 |
|
|a роторы
|
| 610 |
1 |
|
|a схемы замещения
|
| 610 |
1 |
|
|a статическая устойчивость
|
| 610 |
1 |
|
|a переходные процессы
|
| 610 |
1 |
|
|a генераторные станции
|
| 610 |
1 |
|
|a самовозбуждение
|
| 610 |
1 |
|
|a асинхронные двигатели
|
| 610 |
1 |
|
|a мощность тока
|
| 675 |
|
|
|a 621.31
|v 3
|
| 702 |
|
1 |
|a Веников
|b В. А.
|4 340
|
| 712 |
0 |
2 |
|a Московский энергетический институт
|c (1930-1992)
|3 (RuTPU)RU\TPU\col\20092
|9 27693
|
| 801 |
|
0 |
|a RU
|b 63413507
|c 19950704
|g psbo
|
| 801 |
|
1 |
|a RU
|b 63413507
|c 20060118
|g PSBO
|
| 801 |
|
2 |
|a RU
|b 63413507
|c 20220207
|g PSBO
|
| 942 |
|
|
|c BK
|